000 00310nam a2200133Ia 4500
008 240624s9999 xx 000 0 und d
041 _aeng
082 _a813.52 STE
100 _aSHELDON SIDNEY
245 _aBEST LAND PLANS
260 _c2005
_aNew York
_bWarner Books
300 _a372p. ; 17cm.
365 _cRS
999 _c3968
_d3968